| 000 | 00885nam a2200229 4500 | ||
|---|---|---|---|
| 001 | 118635 | ||
| 003 | ES-MaACL | ||
| 005 | 20250817115634.0 | ||
| 007 | t| | ||
| 008 | 070214s1957 sp r ||||1| spa d | ||
| 100 | 0 |
_aDaniel-Rops. _942631 |
|
| 245 | 1 | 3 |
_aLa iglesia del Renacimiento y de la Reforma / _cDaniel-Rops [seud] ; versión de Francisco José Alcántara. |
| 250 | _a1ª. ed. | ||
| 260 |
_aBarcelona : _bLuis Caralt, _c1957. |
||
| 300 |
_a2 v. ; _c22 cm. |
||
| 505 | 8 | _aContiene: Vol. I. Una revolución religiosa : la reforma protestante. Vol. II. Una era de renovación : la reforma católica | |
| 700 | 1 |
_aAlcántara, Francisco José, _d1922-1999 _919493 |
|
| 740 | 0 | _aUna revolución religiosa : la reforma protestante. | |
| 740 | 0 | _aUna era de renovación : la reforma católica. | |
| 852 |
_aES-MaACL _jC-12252-3 _bR.40193 |
||
| 999 |
_c118635 _d118635 |
||